|
|
|
|
| LEADER |
00000nam a2200000 a 4500 |
| 001 |
vtls001393314 |
| 003 |
SK-MaSNL |
| 005 |
20260302071755.0 |
| 008 |
240315s1997 xo aa r y 0 slo |
| 015 |
|
|
|a SNBA2001/04-01241
|
| 020 |
|
|
|a 8096713213
|
| 035 |
|
|
|a SNK000347625
|
| 040 |
|
|
|a SNK
|b slo
|c SNK
|e AACR2
|
| 041 |
0 |
|
|a slo
|
| 044 |
|
|
|a xo
|c SK
|
| 080 |
|
|
|a 372.45:376.3(072)
|2 1981
|
| 080 |
|
|
|a 376.3(072)
|2 1981
|
| 100 |
1 |
|
|a Dršková, Viera
|4 aut
|9 312382
|
| 245 |
1 |
|
|a Vyvodzovanie a precvičovanie písmen malej a veľkej abecedy
|h grafika
|c autor Viera Dršková ; ilustrácie Zdena Vojtková
|
| 260 |
|
|
|a Bratislava
|b Elenprint
|c c1997
|
| 300 |
|
|
|a [46] voľ. listov
|b fareb. ilustr. s. 5
|c 43 cm
|e voľ. príl.
|
| 500 |
|
|
|a Obalový názov
|
| 500 |
|
|
|a Spoluprac. Ľudmila Gejdošová
|
| 504 |
|
|
|a Bibliogr.
|
| 650 |
0 |
7 |
|a písanie
|2 SNKPH
|9 1728
|
| 650 |
0 |
7 |
|a abeceda
|2 SNKPH
|9 2159
|
| 650 |
0 |
7 |
|a základné školy
|2 SNKPH
|9 1280
|
| 650 |
0 |
7 |
|a špeciálne školy
|2 SNKPH
|9 60361
|
| 655 |
|
7 |
|a príručky
|2 SNKPH
|9 74364
|
| 700 |
1 |
|
|a Vojtková, Zdena,
|d 1946-
|4 ill
|9 167693
|
| 700 |
1 |
|
|a Gejdošová, Ľudmila
|4 ill
|9 733974
|
| 919 |
|
|
|a 80-967132-1-3
|
| 958 |
|
|
|a TL
|
| 958 |
|
|
|a NB
|
| 999 |
|
|
|c 1153613
|d 1155543
|
| 952 |
|
|
|t P60, <03>, [BOOK], {603}
|a SNK
|b SNK
|y PREZ
|7 0
|p 17A0246924
|o snkSA 1264
|i snkKSP 7465/2000
|0 0
|1 0
|4 0
|d 2000-07-26
|l 0
|r 2025-01-23 00:00:00
|w 2026-02-24
|
| 952 |
|
|
|t P60, <03>, [BOOK], {603}
|a SNK
|b SNK
|y PREZ
|7 0
|p 17A0246925
|o snkSA 1264/pril.1
|0 0
|1 0
|4 0
|d 2000-07-26
|l 0
|r 2025-01-23 00:00:00
|w 2026-02-24
|
| 952 |
|
|
|t P60, <03>, [BOOK], {603}
|a SNK
|b SNK
|y PREZ
|7 0
|p 17A0246926
|o snkSA 1264/pril.2
|0 0
|1 0
|4 0
|d 2000-07-26
|l 0
|r 2025-01-23 00:00:00
|w 2026-02-24
|
| 952 |
|
|
|t P60, <04>, [BOOK], {604}
|a SNK
|b SNK
|y VYP
|7 0
|p 17A0246928
|o snkSA 1264/pril.1 D1
|0 0
|1 0
|4 0
|d 2000-07-26
|l 0
|r 2005-01-02 00:00:00
|w 2026-02-24
|
| 952 |
|
|
|t P60, <04>, [BOOK], {604}
|a SNK
|b SNK
|y VYP
|7 0
|p 17A0246929
|o snkSA 1264/pril.2 D1
|0 0
|1 0
|4 0
|d 2000-07-26
|l 0
|r 2005-01-02 00:00:00
|w 2026-02-24
|
| 952 |
|
|
|t P60, <04>, [BOOK], {604}
|a SNK
|b SNK
|y PREZ
|7 0
|p 17A0246927
|o snkSA 1264 D1
|i snkKSP 7466/2000
|0 0
|1 0
|4 0
|d 2000-07-26
|l 0
|r 2016-06-30 00:00:00
|w 2026-02-24
|